000 00460nam a2200181Ia 4500
005 20240823005406.0
008 240823s9999||||xx |||||||||||||| ||und||
041 _aENGLISH
082 _A621.37 N7
100 _aUmesh Sinha
245 0 _aElectrical and Electronic Measurements and Instrumentation
250 _a6th
260 _c1997
_b"Satya Prakasan,New Delhi"
500 _aYES
650 _aMeasurement
_bElectrical
942 _cBK
999 _c155581
_d155581